Načítá se...

Scientist and Humanist: M.S.Swaminathan

Podrobná bibliografie
Hlavní autor: R D Iyer
Médium: Printed Book
Jazyk:Undetermined
Vydáno: Mumbai Bharatiya Vidya Bhavan 2002
Témata:
LEADER 00727nam a2200229Ia 4500
008 141004s9999 xx 000 0 und d
040 |c a 
041 |a English 
082 |a 920.95 
082 |b IYE/SC 
100 |a R D Iyer 
245 |a Scientist and Humanist: M.S.Swaminathan 
245 |c R D Iyer 
260 |a Mumbai 
260 |b Bharatiya Vidya Bhavan 
260 |c 2002 
300 |a 245 
501 |a COF  
650 |a potato and allied species, wheat, rice, mangrove ecosystems, biodiversity conservatiion, genetic conservation 
942 |c BK 
999 |c 174605  |d 174605 
952 |0 0  |1 0  |4 0  |6 920_950000000000000_IYE_SC  |7 0  |9 179587  |a KAUCOF  |b KAUCOF  |o 920.95 IYE/SC  |p KAU_COF-5440  |r 2014-10-04  |w 2014-10-04  |y BK